[Event "Havana Municipal-ch 12th"]
[Site "Havana"]
[Date "2009.09.26"]
[Round "9"]
[White "Puig Moreira, Livan Jesus"]
[Black "Jodar Arias, Marlon"]
[Result "0-1"]
[WhiteElo "2155"]
[BlackElo "2120"]
[PlyCount "80"]
[EventDate "2009.09.15"]
[EventType "swiss"]
[EventRounds "11"]
[EventCountry "CUB"]
[EventCategory "1"]
[SourceTitle "EXT 2012"]
[Source "ChessBase"]
[SourceDate "2011.11.24"]
[SourceVersion "1"]
[SourceVersionDate "2011.11.24"]
[SourceQuality "1"]

1. Nf3 Nf6 2. d4 g6 3. Nc3 d5 4. Bf4 Bg7 5. e3 0-0 6. Be2 c5 7. Ne5 Nc6 8. h4 cxd4 9. exd4 Qb6 10. Nxc6 bxc6 11. h5 Qxb2 12. Na4 Qb4+ 13. c3 Qa5 14. hxg6 fxg6 15. Be5 Ne4 16. Bxg7 Kxg7 17. Qc1 Kg8 18. Qa3 Nxc3 19. Qxc3 Qxa4 20. Qc5 Ba6 21. Bg4 Rae8 22. Be6+ Kg7 23. f3 Qc4 24. Qxc4 Bxc4 25. Bd7 Rb8 26. Kf2 Rb6 27. Rae1 Rb2+ 28. Kg3 Rxa2 29. Bxc6 h5 30. Rxe7+ Rf7 31. Re5 Rf5 32. Rxf5 gxf5 33. Rxh5 Kf6 34. Kf4 Rxg2 35. Rxf5+ Ke6 36. Rh5 Rd2 37. Rh6+ Ke7 38. Ke5 Re2+ 39. Kf5 Bd3+ 40. Kf4 Re6 0-1